00317nam a2200121Ia 4500008004100000041000800041082001600049100002000065245004500085260002700130300002900157365000900186240624s9999 xx 000 0 und d aeng a808.042 CLA aCLARK ROY PETER aWRITING TOOLS 50 ESSENTIALS STRATEGIES F c2006aNew YorkbLittle aix, : 260 : p. : cm ; 22 cb35